<?xml version="1.0" encoding="UTF-8"?>
<record
    xmlns:xsi="http://www.w3.org/2001/XMLSchema-instance"
    xsi:schemaLocation="http://www.loc.gov/MARC21/slim http://www.loc.gov/standards/marcxml/schema/MARC21slim.xsd"
    xmlns="http://www.loc.gov/MARC21/slim">

  <leader>01024nas a2200253Ia 4500</leader>
  <controlfield tag="001">R017/F3817</controlfield>
  <controlfield tag="003">IT-RoPAU</controlfield>
  <controlfield tag="008">151124c99999999xx ||||||||||||   ||und||</controlfield>
  <datafield tag="040" ind1=" " ind2=" ">
    <subfield code="a">IT-RoPAU</subfield>
  </datafield>
  <datafield tag="040" ind1=" " ind2=" ">
    <subfield code="c">IT-RoPAU</subfield>
  </datafield>
  <datafield tag="041" ind1=" " ind2=" ">
    <subfield code="a">ITALIANO</subfield>
  </datafield>
  <datafield tag="100" ind1=" " ind2=" ">
    <subfield code="a">AA.VV. </subfield>
    <subfield code="g">Codice Aut. SPICS: 12000</subfield>
  </datafield>
  <datafield tag="210" ind1=" " ind2=" ">
    <subfield code="a">FILMCRITICA</subfield>
  </datafield>
  <datafield tag="222" ind1=" " ind2=" ">
    <subfield code="a">Filmcritica</subfield>
  </datafield>
  <datafield tag="245" ind1=" " ind2=" ">
    <subfield code="a">FILMCRITICA SCUOLA, ANNO 01-N.02 (LUGLIO 1998)</subfield>
    <subfield code="b">Filmcritica Scuola, Anno 01-N.02 (Luglio 1998)</subfield>
  </datafield>
  <datafield tag="250" ind1=" " ind2=" ">
    <subfield code="a">1a ed.</subfield>
  </datafield>
  <datafield tag="260" ind1=" " ind2=" ">
    <subfield code="a">MONTEPULCIANO (SI)</subfield>
    <subfield code="b">LE BALZE</subfield>
    <subfield code="c">1998</subfield>
  </datafield>
  <datafield tag="501" ind1=" " ind2=" ">
    <subfield code="b">Paulus - SPICS - Societ&#xE0; San Paolo EM (non-commercial uses only)</subfield>
    <subfield code="c">Copyright2015</subfield>
  </datafield>
  <datafield tag="300" ind1=" " ind2=" ">
    <subfield code="a">16 p.</subfield>
  </datafield>
  <datafield tag="362" ind1=" " ind2=" ">
    <subfield code="a">ANNO 001, N.02 (LUGLIO 1998)</subfield>
  </datafield>
  <datafield tag="500" ind1=" " ind2=" ">
    <subfield code="a">Suppl. a Filmcritica 486/487. Il Cinema Nelle Scuole di A. Ciai. Cinestoria: Arrivano i Trucchi di E. Bruno. Il Gabinetto del Dottor Caligari di Robert Wiene di A. Cappabianca. La Vita &#xE8; Bella di Roberto Benigni di D. Dottorini. Alfred Hitchcock di A. Cap</subfield>
  </datafield>
  <datafield tag="650" ind1=" " ind2=" ">
    <subfield code="a">CINEMA</subfield>
    <subfield code="v">PUBBLICAZIONE PERIODICA</subfield>
  </datafield>
  <datafield tag="942" ind1=" " ind2=" ">
    <subfield code="c">CR</subfield>
  </datafield>
  <datafield tag="999" ind1=" " ind2=" ">
    <subfield code="c">109705</subfield>
    <subfield code="d">109705</subfield>
  </datafield>
  <datafield tag="952" ind1=" " ind2=" ">
    <subfield code="0">0</subfield>
    <subfield code="1">0</subfield>
    <subfield code="4">0</subfield>
    <subfield code="6">R_017_000000000000000_F3817</subfield>
    <subfield code="7">1</subfield>
    <subfield code="a">SPICS</subfield>
    <subfield code="b">SPICS</subfield>
    <subfield code="d">2015-11-25</subfield>
    <subfield code="l">0</subfield>
    <subfield code="o">R017/F3817</subfield>
    <subfield code="r">2015-11-25 00:00:00</subfield>
    <subfield code="w">2015-11-25</subfield>
    <subfield code="y">CR</subfield>
    <subfield code="z">Progr. Ins: 24653 / Copia rara: NO / date import: 25.11.2015  / By Epidotti, Trombetti, Vaglietti</subfield>
  </datafield>
</record>
